| 000 | 00715nam a2200205 a 4500 | ||
|---|---|---|---|
| 001 | 1324 | ||
| 005 | 20140414131910.0 | ||
| 008 | 001219s19uu xx 00 eng d | ||
| 050 |
_aER _bD65 |
||
| 100 | _aPayne, Colleen | ||
| 245 |
_aThe dolphin trap / _cwritten and illustrated by Colleen Payne. |
||
| 260 |
_a[s.l.] : _bBlue Banana Books, _c[n.d.] |
||
| 300 | _a1 v. p. : ill. ; cm. | ||
| 440 | _aThe Little Dolphin story collection. | ||
| 520 | _aBottlenose was excited. She had never seen a fishing boat before. She swam right into the fishing net. She was trapped with the other fish. | ||
| 650 |
_aUnderwater animals _xFiction. |
||
| 650 | _aChildren stories. | ||
| 999 |
_c111176 _d111176 |
||